000
00313nam a2200133Ia 4500
008
240624s9999 xx 000 0 und d
041
_a
eng
082
_a
823 SIN
100
_a
SINGH RAVINDER
245
_a
I TOO HAD A LOVE STORY
260
_c
2016
_a
New Delhi
_b
Penguin
300
_a
216 : p.
365
_c
RS
_b
28.5
999
_c
28503
_d
28503